Elhunyt Elek Gyula bocskorkészítő mester 83. évében
Elmentve itt :
| Dokumentumtípus: | Cikk |
|---|---|
| Megjelent: |
1974-06-09
|
| Sorozat: | Délmagyarország
64 No. 131 |
| Kulcsszavak: | Elek Gyula |
| Online Access: | http://dmarchiv.bibl.u-szeged.hu/93454 |
| LEADER | 00423nab a2200145 i 4500 | ||
|---|---|---|---|
| 001 | delm93454 | ||
| 005 | 20190523110607.0 | ||
| 008 | 190523s1974 hu o 0|| hun d | ||
| 040 | |a SZTE Délmagyarország Archívum |b hun | ||
| 041 | |a hun | ||
| 245 | 0 | 0 | |a Elhunyt Elek Gyula bocskorkészítő mester 83. évében |h [elektronikus dokumentum] |
| 260 | |c 1974-06-09 | ||
| 300 | |a 12 | ||
| 490 | 0 | |a Délmagyarország |v 64 No. 131 | |
| 695 | |a Elek Gyula | ||